WWE Catchphrases/Nicknames - Statistics

General Stats
  • This quiz has been taken 175 times
  • The average score is 12 of 16
Answer Stats
Hint Answer % Correct
Heartbreak kid Shawn Michaels
93%
The Champ is here John Cena
92%
Apex Predetor Randy Orton
89%
Y2J Chris Jericho
88%
Rated R Superstar Edge
88%
The King of Kings Triple H
88%
Devil's Favourite Demon Kane
86%
It doesn't matter what you think The Rock
83%
Dirtiest player in the game Ric Flair
79%
Woo Woo Woo Zack Ryder
77%
Best there is, Best there was, Best there will be Bret Hart
75%
Captain Charisma Christian
74%
Lone Wolf Baron Corbin
70%
The Champ that runs the camp AJ Styles
59%
PrizeFighter Kevin Owens
43%
Underdog from the underground Sami Zayn
38%
No matching quizzes found
Score Distribution
Percent of People with Each Score
Percentile by Number Answered
Your Score History
You have not taken this quiz